[Event "Lisbon Portugal rapid op"]
[White "Sousa, Andre Ventura"]
[Black "Ferreira, Tiago Miguel Marque"]
[Site "Lisbon"]
[Round "1"]
[Result "1-0"]
[Date "2022.09.03"]
[WhiteElo "2449"]
[BlackElo "1456"]
[PlyCount "57"]
[EventDate "2022.09.03"]
[EventType "swiss (rapid)"]
[EventRounds "11"]
[EventCountry "POR"]
[SourceTitle "CBM 210 Extra"]
[Source "ChessBase"]
[SourceDate "2022.11.30"]
[SourceVersion "1"]
[SourceVersionDate "2022.11.30"]
[SourceQuality "1"]

1. e4 d5 2. e5 c5 3. c3 Nc6 4. f4 Bf5 5. Ne2 e6 6. Ng3 Bg6 7. Be2 d4 8. d3 Nge7 9. c4 Qc7 10. Nd2 f6 11. exf6 gxf6 12. Nde4 Bg7 13. 0-0 b6 14. Nh5 0-0 15. Nxg7 Kxg7 16. Qe1 Nf5 17. Qf2 Nce7 18. Bd2 Rad8 19. a3 e5 20. b4 Nd6 21. Nxd6 Qxd6 22. bxc5 Qxc5 23. Bb4 Qc7 24. fxe5 fxe5 25. Qh4 Rxf1+ 26. Rxf1 Nf5 27. Qf2 Rd7 28. g4 Ne3 29. Qf8# 1-0